000 01758nam a2200409 c 4500
001 24199
003 ES-MaCES
005 20141221122907.0
008 120117s2011 sp d o000 | spa d
017 _aM 43190-2011
_bDL
020 _a9788484173878
024 7 _a790-11-106-X
_2nipo
035 _aCES20120000156m
040 _aES-MaCES
_bspa
_cES-MaCES
100 1 _aSala Franco, Tomás
_923048
245 1 0 _aBalance de las experiencias de extensión de convenios colectivos en España
_cTomás Sala Franco, Javier Thibault Aranda
260 _aMadrid
_bMinisterio de Trabajo e Inmigración, Subdirección General de Información Administrativa y Publicaciones
_c[2011]
300 _a334 p.
_c22 cm
490 1 _aColección Informes y estudios. Serie Relaciones laborales
_v99
500 _aEn la cub.: Comisión Consultiva Nacional de Convenios Colectivos
541 _cGratuito
650 4 _aconvenio colectivo
_928361
650 4 _aextensión del convenio colectivo
_930041
650 4 _anegociación colectiva
_928362
650 4 _aprocedimiento laboral
_930887
650 4 _aEspaña
_926964
650 4 _arégimen jurídico
_929894
653 1 0 _aRelaciones laborales-Empleo
700 1 _aThibault Aranda, Javier
_924849
710 1 _aComisión Consultiva Nacional de Convenios Colectivos (España)
_ecol.
_92011
710 1 _aEspaña
_bMinisterio de Trabajo e Inmigración
_eed.
_93272
787 0 _tBalance de las experiencias de extensión de convenios colectivos en España
_w(ES-MaCES)18490
830 0 _aColección Informes y estudios (España. Ministerio de Trabajo e Inmigración)
_pSerie Relaciones laborales
_v99
_934424
902 _aLIB Libro
942 _2CES
_cBK
_h2.0.
999 _c24199
_d24199